Current Units of the British Army - Statistics

General Stats
  • This quiz has been taken 73 times
  • The average score is 4 of 8
Answer Stats
Picture Answer % Correct
The Parachute Regiment
92%
The Royal Tank Regiment
78%
The Rifles
75%
The Royal Lancers
47%
The Household Cavalry
29%
The Royal Gibraltar Regiment
20%
The Royal Regiment of Fusiliers
15%
The Queen's Dragoon Guards
12%
No matching quizzes found
Score Distribution
Percent of People with Each Score
Percentile by Number Answered
Your Score History
You have not taken this quiz